000
00220nam a2200097Ia 4500
005
20251222113742.0
008
251222s1900||||xx |||||||||||||| ||spa||
082
_a
DVD0070/T72C/1989
245
0
_a
Cinema paradiso:
942
_c
DVD
999
_c
637
_d
637